[Event "Bahn-chHT"]
[Site "Winterberg"]
[Date "2004.09.26"]
[Round "1"]
[White "Ulbricht, Johannes"]
[Black "Schneider, Karl Heinz"]
[Result "1/2-1/2"]
[WhiteElo "1409"]
[BlackElo "1631"]
[PlyCount "107"]
[EventDate "2004.09.26"]
[EventType "swiss"]
[EventRounds "7"]
[EventCountry "GER"]
[SourceTitle "EXT 2013"]
[Source "ChessBase"]
[SourceDate "2012.11.22"]
[SourceVersion "1"]
[SourceVersionDate "2012.11.22"]
[SourceQuality "1"]

1. e4 c5 2. f4 Nc6 3. Nf3 e6 4. Bb5 Qc7 5. Bxc6 Qxc6 6. Nc3 Nf6 7. d3 Be7 8. Ne5 Qc7 9. Be3 a6 10. Ng4 d5 11. Nxf6+ Bxf6 12. e5 Bh4+ 13. g3 Be7 14. Ne2 Qc6 15. d4 b6 16. 0-0 a5 17. b3 Ba6 18. Rf2 Rc8 19. f5 exf5 20. Rxf5 Qg6 21. Rf2 Qe4 22. Qd2 cxd4 23. Qxd4 Rxc2 24. Qxe4 dxe4 25. Nf4 Rxf2 26. Kxf2 b5 27. Nd5 Bb7 28. Nc7+ Kd7 29. Nxb5 Ba6 30. Rd1+ Kc8 31. Nd6+ Bxd6 32. Rxd6 Bd3 33. Bb6 Re8 34. Rd5 a4 35. bxa4 Kb7 36. a5 Bc4 37. Rd4 Bxa2 38. Rxe4 Bd5 39. Re3 Rc8 40. g4 Rc2+ 41. Re2 Rc3 42. Re3 Rc2+ 43. Kg3 Rg2+ 44. Kh3 g6 45. e6 fxe6 46. Rxe6 Rxh2+ 47. Kxh2 Bxe6 48. Kg3 Bc4 49. Kf3 Bd5+ 50. Kg3 Ka6 51. Kf2 Bb7 52. Ke3 Kb5 53. Bd8 Bg2 54. Kf2 1/2-1/2

[Event "Bahn-chH"]
[Site "Bad Wildungen"]
[Date "2000.09.26"]
[Round "3"]
[White "Wallrabenstein, Elena"]
[Black "Ulbricht, Johannes"]
[Result "1-0"]
[WhiteElo "1393"]
[BlackElo "1561"]
[PlyCount "71"]
[EventDate "2000.09.24"]
[EventType "swiss"]
[EventRounds "7"]
[EventCountry "GER"]
[SourceTitle "EXT 2003"]
[Source "ChessBase"]
[SourceDate "2002.11.25"]
[SourceVersion "1"]
[SourceVersionDate "2002.11.25"]
[SourceQuality "1"]

1. e4 e5 2. Nf3 Nf6 3. a3 Nc6 4. Bb5 d6 5. d3 Be7 6. Nc3 0-0 7. h3 Be6 8. 0-0 a6 9. Bxc6 bxc6 10. Nh2 d5 11. f4 exf4 12. Bxf4 d4 13. Ne2 h6 14. Qe1 Nh5 15. Be5 c5 16. Ng3 Bh4 17. Nf3 Bxg3 18. Bxg3 Nxg3 19. Qxg3 c4 20. Rac1 Rc8 21. Rfd1 c5 22. dxc4 Bxc4 23. c3 d3 24. Ne5 d2 25. Rc2 Bb3 26. Rcxd2 Bxd1 27. Rxd8 Rfxd8 28. Nc4 Be2 29. Nd6 Rc7 30. Nf5 g6 31. Nxh6+ Kh7 32. Qxc7 Rd1+ 33. Kh2 Kxh6 34. Qxf7 Rf1 35. Qd5 c4 36. Qd2+ 1-0

[Event "Bahn-chH"]
[Site "Bad Wildungen"]
[Date "2000.09.24"]
[Round "1"]
[White "Snitil, Johannes"]
[Black "Ulbricht, Johannes"]
[Result "1-0"]
[WhiteElo "1790"]
[BlackElo "1561"]
[PlyCount "101"]
[EventDate "2000.09.24"]
[EventType "swiss"]
[EventRounds "7"]
[EventCountry "GER"]
[SourceTitle "EXT 2003"]
[Source "ChessBase"]
[SourceDate "2002.11.25"]
[SourceVersion "1"]
[SourceVersionDate "2002.11.25"]
[SourceQuality "1"]

1. c4 c5 2. Nf3 Nf6 3. Nc3 Nc6 4. d4 d5 5. dxc5 e6 6. cxd5 Nxd5 7. Ne4 Bxc5 8. Nxc5 Qa5+ 9. Bd2 Qxc5 10. a3 Qb6 11. b4 0-0 12. e3 Rd8 13. Qc2 Nce7 14. Bd3 Ng6 15. 0-0 Bd7 16. Rac1 Rdc8 17. Qb1 Bb5 18. Rfd1 Ba4 19. Rxc8+ Rxc8 20. Rc1 Rxc1+ 21. Qxc1 Qc7 22. Qb2 b5 23. h3 a6 24. Bxg6 hxg6 25. Qd4 f6 26. e4 Nb6 27. e5 Kf7 28. g4 Bd1 29. Qf4 Nd5 30. Ng5+ Ke7 31. exf6+ gxf6 32. Qxc7+ Nxc7 33. Ne4 f5 34. Bg5+ Kf7 35. Nc5 Ke8 36. gxf5 exf5 37. Bc1 Bf3 38. Kh2 Kd8 39. Kg3 Bd5 40. Bf4 a5 41. bxa5 Ne6 42. Nd3 Nd4 43. Bg5+ Ke8 44. Ne5 Nc2 45. Bc1 g5 46. Nd3 Kd7 47. Bxg5 Nxa3 48. Kf4 Be4 49. Nc5+ Kc6 50. Nxe4 fxe4 51. Be7 1-0

[Event "Bahn-chH"]
[Site "Baiersbronn"]
[Date "1998.10.31"]
[Round "7"]
[White "Gosch, Dieter"]
[Black "Ulbricht, Johannes"]
[Result "1-0"]
[WhiteElo "1370"]
[BlackElo "1510"]
[PlyCount "87"]
[EventDate "1998.10.25"]
[EventType "swiss"]
[EventRounds "7"]
[EventCountry "GER"]
[SourceTitle "EXT 2001"]
[Source "ChessBase"]
[SourceDate "2000.11.22"]
[SourceVersion "1"]
[SourceVersionDate "2000.11.22"]
[SourceQuality "1"]

1. e4 d6 2. Nc3 c5 3. Bc4 Nc6 4. a3 Nf6 5. d3 g6 6. Nge2 Bg7 7. 0-0 0-0 8. h3 e5 9. Ng3 Nd4 10. f4 Be6 11. f5 Bxc4 12. dxc4 Nd7 13. Nd5 Qh4 14. Kh2 Nf6 15. Nxf6+ Qxf6 16. Be3 Qe7 17. Qd2 f6 18. Rf2 g5 19. Raf1 Rfd8 20. Qd1 Rd7 21. c3 Nc6 22. b4 b6 23. Qd5+ Kh8 24. Qxc6 Rad8 25. Qd5 Bf8 26. Nh5 Qf7 27. Qxf7 Rxf7 28. g4 Bg7 29. Rd1 Kg8 30. Nxg7 Kxg7 31. Rfd2 Rfd7 32. bxc5 bxc5 33. Bxc5 Kf7 34. Bxd6 Ke8 35. c5 Rc8 36. Rd5 Rc6 37. Rb1 Kd8 38. Rb8+ Rc8 39. Be7+ Kc7 40. Rxc8+ Kxc8 41. Rxd7 Kxd7 42. Bxf6 Kc6 43. Bxe5 Kxc5 44. f6 1-0